000 02383nam a22002417a 4500
003 URS
005 20240416181802.0
008 240126b |||||||| |||| 00| 0 eng d
050 0 0 _aLG 221.R59 M3143
_b2022
100 1 _aManigbas, Jofey T.
_eResearcher
245 1 0 _aDevelopment and Validation of Enhancement Activites on Selected Topics in Science 10
_cJofey T. Manigbas
260 1 _c2022
300 _axii, 59 leaves
_billustration
_c28 cm
336 _2rda content
_atext
337 _2rda media
_aunmediated
338 _2rda carrier
_avolume
502 _aGSTHESIS
_bMaster of Arts in Teaching Major in Science
_cUniversity of Rizal System, Rodriguez, Rizal
520 _aAs a response of the DepEd to continue education amidst the COVID-19 pandemic, it establishes the Basic Education Learning Continuity Plan (DepEd order 12, series of 2020) where different distance learning delivery modalities are introduced with self-learning modules as primary learning resources. This research study dealt with the development and validation of Enhancement Activities on selected topics in Science 10 specifically Unit 3: Living Things and their Environment in Tagumpay National High School aligned to the DepEd Order mentioned above during the school year 2020-2021. The study used mixed method research design procedure for collecting, analyzing, and mixing both quantitative and qualitative research and methods in a single study to understand a research problem. In this research design, Explanatory Sequential Design type of mixed method was used. To analyze the data gathered, mean and standard deviation were used to measure mean scores of the experimental and the control group. Dependent t- test was used to find out the significant difference between the pretest and posttest mean scores of the experimental and the control group while independent t-test was used to find out the significant difference between the posttest mean scores of the both experimental and the control group. To determine the feedback of the student respondents, focused group discussion was conducted in an online manner and thematic analysis was used to enumerate the students' answers.
650 _2Enhance development and validation
700 _aBerdan, Maricel B.
_eAdviser
856 _3Online Request for Student Unpublished Works
_uhttps://forms.gle/7LqvGGkaDrUQqz429
942 _2lcc
_cT
999 _c77691
_d77690